Luis Mariano (Record no. 108151)

MARC details
000 -LEADER
campo de control de longitud fija 00843nam a2200277 i 4500
001 - NÚMERO DE CONTROL
campo de control 108151
003 - IDENTIFICADOR DE NÚMERO DE CONTROL
campo de control ES-MaACL
005 - FECHA Y HORA DE LA ÚLTIMA TRANSACCIÓN
campo de control 20250822231528.0
007 - CAMPO FIJO DE DESCRIPCIÓN FÍSICA--INFORMACIÓN GENERAL
campo de control de longitud fija t|
008 - DATOS DE LONGITUD FIJA--INFORMACIÓN GENERAL
campo de control de longitud fija 070125s1995 fr ||||1| fre d
020 ## - NÚMERO INTERNACIONAL ESTÁNDAR DEL LIBRO
Número Internacional Estándar del Libro 2-87761-078-0
080 ## - NÚMERO DE LA CLASIFICACIÓN DECIMAL UNIVERSAL
Número de la Clasificación Decimal Universal 78 Luis Mariano
080 ## - NÚMERO DE LA CLASIFICACIÓN DECIMAL UNIVERSAL
Número de la Clasificación Decimal Universal 929 Luis Mariano
100 1# - ENTRADA PRINCIPAL--NOMBRE DE PERSONA
Nombre de persona Ringold, Daniel.
9 (RLIN) 97280
245 10 - MENCIÓN DEL TÍTULO
Título Luis Mariano
Resto del título : le prince de lumière /
Mención de responsabilidad, etc. Daniel Ringold, Philippe Guiboust, Patchi Lacan.
260 ## - PUBLICACIÓN, DISTRIBUCIÓN, ETC.
Lugar de publicación, distribución, etc. Paris :
Nombre del editor, distribuidor, etc. TF1,
Fecha de publicación, distribución, etc. 1995.
300 ## - DESCRIPCIÓN FÍSICA
Extensión 404 p. :
Otras características físicas il. ;
Dimensiones 23 cm.
490 1# - MENCIÓN DE SERIE
Mención de serie Musique
500 ## - NOTA GENERAL
Nota general Biblioteca Jacinto Martínez Lacalle.
600 07 - PUNTO DE ACCESO ADICIONAL DE MATERIA--NOMBRE DE PERSONA
Nombre de persona Luis Mariano,
Fechas asociadas al nombre 1920-1970
Fuente del encabezamiento o término embne
9 (RLIN) 74695
700 1# - ENTRADA AGREGADA--NOMBRE PERSONAL
Nombre de persona Guiboust, Philippe.
9 (RLIN) 60641
700 1# - ENTRADA AGREGADA--NOMBRE PERSONAL
Nombre de persona Lacan, Patchi.
9 (RLIN) 69327
830 0# - PUNTO DE ACCESO ADICIONAL DE SERIE-TÍTULO UNIFORME
Título uniforme Musique
9 (RLIN) 232932
852 ## - LOCALIZACIÓN
Ubicación ES-MaACL
Número de control de estantería E-11525
Sublocalización o colección R.139587
Holdings
Estatus retirado Estado de pérdida Estado de daño No para préstamo Biblioteca de origen Biblioteca actual Ubicación en estantería Fecha de adquisición Fuente de adquisición Total de préstamos Signatura topográfica completa Código de barras Visto por última vez Precio de reemplazo Tipo de ítem Koha
        Biblioteca del Ateneo de Madrid Biblioteca del Ateneo de Madrid Depósito 2 17/01/2008     E-11525 1112856 23/02/2023 23/02/2023 Libro impreso